| 000 | 00567nam a22002297a 4500 | ||
|---|---|---|---|
| 003 | UA-OsUOA | ||
| 001 | 22648 | ||
| 007 | ta | ||
| 008 | 20031223b un ||||| |||| 00| 0 ukr d | ||
| 090 |
_a161.201 _bД63 |
||
| 942 | _cBK | ||
| 040 |
_aUA-OsUOA _brus _cUA-OsUOA _dUA-OsUOA |
||
| 245 |
_aДоказательство и понимание _cРед. М. В.Попович |
||
| 300 | _a312 с. | ||
| 955 | _a0 | ||
| 041 | _arus | ||
| 080 | _a161.201 | ||
| 260 |
_aКиев _bНаукова думка _c1986 |
||
| 044 | _aUA | ||
| 650 | 7 | _2UDC | |
| 999 |
_c308873 _d308873 |
||